পবিত্র মক্কার ইতিহাস / (Record no. 13967)
[ view plain ]
| 000 -LEADER | |
|---|---|
| fixed length control field | 00808aaa a2200229 4500 |
| 001 - CONTROL NUMBER | |
| JCCL Control Number | 13967 |
| 003 - CONTROL NUMBER IDENTIFIER | |
| JCCL marc code | BD-JhCC |
| 005 - DATE AND TIME OF LATEST TRANSACTION | |
| control field | 20240519171923.0 |
| 008 - FIXED-LENGTH DATA ELEMENTS--GENERAL INFORMATION | |
| fixed length control field | 171002s2005 bg |||| ||a| 001 0 ben d |
| 020 ## - INTERNATIONAL STANDARD BOOK NUMBER | |
| International Standard Book Number | 9960732231 |
| 035 ## - SYSTEM CONTROL NUMBER | |
| system control number | (BD-JhCC)13967 |
| 040 ## - CATALOGING SOURCE | |
| Original cataloging agency | BD-JhCC |
| Modifying agency | BD-JhCC |
| 041 ## - LANGUAGE CODE | |
| Language code of Book | Bengali |
| 082 ## - DEWEY DECIMAL CLASSIFICATION NUMBER | |
| Classification number | 297.09 |
| Author mark and Year | POB 2005 |
| 245 ## - TITLE STATEMENT | |
| Title | পবিত্র মক্কার ইতিহাস / |
| Remainder of title | সম্পা: শায়েখ সফীউর রহমান মুবারকপুরী। |
| 260 ## - PUBLICATION, DISTRIBUTION, ETC. (IMPRINT) | |
| Place of publication, distribution, etc | ঢাকা : |
| Name of publisher, distributor, etc | দারুস সালাম; |
| Date of publication, distribution, etc | 2005. |
| 300 ## - PHYSICAL DESCRIPTION | |
| Pagination | 192 p. : |
| Dimensions | 2 cm. |
| 650 ## - SUBJECT ADDED ENTRY--TOPICAL TERM | |
| Topical term or geographic name as entry element | Islamic history and tradition |
| 700 ## - ADDED ENTRY--PERSONAL NAME | |
| Personal name | মুবারকপুরী ,শায়েখ সফীউর রহমান |
| 942 ## - ADDED ENTRY ELEMENTS (KOHA) | |
| Source of classification or shelving scheme | Dewey Decimal Classification |
| Koha item type | Books |
| Source of classification or shelving scheme | Damaged status | Not for loan | Home library | Current library | Shelving location | Date of accession | Total Checkouts | Full call number | Barcode | Date last seen | Copy number | Method of acquisition | Koha item type |
|---|---|---|---|---|---|---|---|---|---|---|---|---|---|
| Dewey Decimal Classification | JCC Rouf Library | JCC Rouf Library | General Stacks | 297.09 POB 2005 | 19477 | 05/19/2024 | C-1 | Purchase | Books |